Études sur l'enseignement et sur l'éducation / (Record no. 18758)

MARC details
000 -LEADER
fixed length control field 00909cam a2200253 a 4500
001 - CONTROL NUMBER
control field e 09000095
003 - CONTROL NUMBER IDENTIFIER
control field DLC
005 - DATE AND TIME OF LATEST TRANSACTION
control field 20260227111150.0
008 - FIXED-LENGTH DATA ELEMENTS--GENERAL INFORMATION
fixed length control field 990721s1891 fr 000 0 fre c
010 ## - LIBRARY OF CONGRESS CONTROL NUMBER
LC control number e 09000095
035 ## - SYSTEM CONTROL NUMBER
System control number (OCoLC)03786862
040 ## - CATALOGING SOURCE
Original cataloging agency Library, U. S. Bur. of Education
Transcribing agency NIE
Modifying agency DLC
042 ## - AUTHENTICATION CODE
Authentication code pcc
043 ## - GEOGRAPHIC AREA CODE
Geographic area code e-fr---
050 00 - LIBRARY OF CONGRESS CALL NUMBER
Classification number LA692
Item number .C65 1891
100 1# - MAIN ENTRY--PERSONAL NAME
Personal name Compayré, Gabriel,
Dates associated with a name 1843-1913.
245 10 - TITLE STATEMENT
Title Études sur l'enseignement et sur l'éducation /
Statement of responsibility, etc. par Gabriel Compayré.
260 ## - PUBLICATION, DISTRIBUTION, ETC.
Place of publication, distribution, etc. Paris :
Name of publisher, distributor, etc. Hachette,
Date of publication, distribution, etc. 1891.
300 ## - PHYSICAL DESCRIPTION
Extent vi, 332 p. ;
Dimensions 18 cm.
500 ## - GENERAL NOTE
General note "La plupart des articles qui le composent ont paru dans les colonnes de la République Française."
505 0# - FORMATTED CONTENTS NOTE
Formatted contents note 1. pte. À l'étranger.--2. pte. Enseignement primaire.--3. pte. Enseignement secondaire.--4. pte. Enseignement supérieur.
650 #0 - SUBJECT ADDED ENTRY--TOPICAL TERM
Topical term or geographic name entry element Education.
650 #0 - SUBJECT ADDED ENTRY--TOPICAL TERM
Topical term or geographic name entry element Education
Geographic subdivision France.

No items available.

Powered by Koha